Late Holocene volcanism at Medicine Lake Volcano, northern California Cascades /

Bibliographic Details
Main Authors: Donnelly-Nolan, Julie M. (Author), Champion, Duane E. (Author), Grove, Timothy L. (Author)
Format: Government Document eBook
Language:English
Published: Reston, Virginia : U.S. Department of the Interior, U.S. Geological Survey, [2016]
Series:Professional paper (Geological Survey (U.S.)) ; 1822.
Subjects:
Online Access:https://purl.fdlp.gov/GPO/gpo85286

MARC

Tag First Indicator Second Indicator Subfields
LEADER 00000cam a2200000 i 4500
001 in00003903021
005 20201009084053.0
006 m o d f
007 cr |||||||||||
008 171005s2016 vauab ob f000 0 eng c
035 |a (OCoLC)on1005352665 
042 |a pcc 
043 |a n-us-ca 
040 |a GPO  |b eng  |e rda  |e pn  |c GPO  |d MvI 
049 |a WWW 
074 |a 0624 (online) 
086 0 |a I 19.16:1822 
100 1 |a Donnelly-Nolan, Julie M.,  |e author. 
245 1 0 |a Late Holocene volcanism at Medicine Lake Volcano, northern California Cascades /  |c by Julie M. Donnelly-Nolan, Duane E. Champion, and Timothy L. Grove. 
264 1 |a Reston, Virginia :  |b U.S. Department of the Interior, U.S. Geological Survey,  |c [2016] 
300 |a 1 online resource (vi, 59 pages) :  |b color illustrations, color maps. 
336 |a text  |b txt  |2 rdacontent 
337 |a computer  |b c  |2 rdamedia 
338 |a online resource  |b cr  |2 rdacarrier 
490 1 |a Professional paper,  |x 1044-9612 ;  |v 1822 
588 |a Description based on online resource; title from PDF title page (USGS website, viewed October 3, 2017). 
500 |a "Menlo Park Publishing Service Center, California"--Page 59. 
500 |a "Manuscript approved February 23, 2016"--Page 59. 
504 |a Includes bibliographical references (pages 56-59). 
650 0 |a Volcanism  |z California  |z Medicine Lake Volcano. 
650 0 |a Geology, Stratigraphic  |y Holocene. 
651 0 |a Medicine Lake Volcano (Calif.) 
700 1 |a Champion, Duane E.,  |e author. 
700 1 |a Grove, Timothy L.,  |e author. 
710 2 |a Geological Survey (U.S.),  |e issuing body. 
776 0 8 |i Print version:  |a Donnelly-Nolan, Julie M.  |t Late Holocene volcanism at Medicine Lake Volcano, northern California Cascades  |z 9781411340374  |w (DLC) 2016388447  |w (OCoLC)953883486 
830 0 |a Professional paper (Geological Survey (U.S.)) ;  |v 1822. 
856 4 0 |u https://purl.fdlp.gov/GPO/gpo85286  |t 0 
999 f f |s 305cf506-dc54-3913-abc0-d97ceee14fb1  |i 2bace3f1-f61b-372c-875c-f149cb0e4f53  |t 0 
952 f f |a Texas A&M University  |b College Station  |c Electronic Resources  |d Available Online  |t 0  |e I 19.16:1822  |h Superintendent of Documents classification 
998 f f |a I 19.16:1822  |t 0  |l Available Online